LEADER 00991nam a2200193 i 4500 001 000000016713 003 CaOOAMICUS 005 20180830125443.0 008 180830s1973 it u000 u ita u 040 $aSeMil$bita 100 1 $aPronzato, Alessandro,$c.$0(OLS)http://semarc/name/4297 245 10$aMeditazioni sulla vita religiosa secondo l'anno liturgico /$cAlessandro Pronzato. 260 $aTorino :$bGribaudi,$c1973. 300 $av. ;$c19 cm. 774 0 $aPronzato, Alessandro $tSeduzioni di Dio.$dTorino : Gribaudi, 1973.$g1$w()140159 774 0 $aPronzato, Alessandro $tAppuntamenti di Dio.$dTorino : Gribaudi, 1974.$g3$w()155010 774 0 $aPronzato, Alessandro $tSorprese di Dio.$dTorino : Gribaudi, 1974.$g4$w()155012 996 $6245$aMeditazioni sulla vita religiosa secondo l'anno liturgico$9(OLS)http://semarc/title/22111 996 $6260$aTorino :$bGribaudi$9(OLS)http://semarc/publisher/31540 LEADER 01102nam a2200205 i 4500 001 000000062737 003 CaOOAMICUS 005 20250505125725.0 008 130718s1908 it u000 u ita u 013 $a33909 040 $aSeMil$bita 100 1 $aSani, Enrico.$0(OLS)http://semarc/name/13092 245 13$a4: La parte seconda della Teologia, ossia la Teologia speciale, ove si espongono i trattati dei sacramenti in genere, dei sacramenti in ispecie, di Dio consumatore e del culto dei santi /$cEnrico Sani. 300 $a670 p. 650 4$aSacramenti - Teologia cattolica.$0(OLS)http://semarc/subject/113 773 0 $aSani, Enrico$tRipetitore della teologia dogmatica.$b2. Ed.$dBagnacavallo : Serantoni e Grandi, 1906.$g4$w()28660 850 $aSeMil 852 $aSeMil$W1$xVenegono$y1$m2M II 25$j28890$B28890$CSeMilBibl$Z2$F28893 $81 996 $6245$a4: La parte seconda della Teologia, ossia la Teologia speciale, ove si espongono i trattati dei sacramenti in genere, dei sacramenti in ispecie, di Dio consumatore e del culto dei santi$9(OLS)http://semarc/title/98821